Matar un ruiseñor / (Registro nro. 5039)

000 -CABECERA
campo de control de longitud fija 00665nam a2200229 a 4500
001 - NÚMERO DE CONTROL
campo de control 000055477
005 - FECHA Y HORA DE LA ÚLTIMA TRANSACCIÓN
campo de control 20200120223113.0
008 - DATOS DE LONGITUD FIJA--INFORMACIÓN GENERAL
campo de control de longitud fija 070315s1984 sp gr 000 0 spa d
020 ## - NÚMERO INTERNACIONAL ESTÁNDAR DEL LIBRO
Número Internacional Estándar del Libro 8475303471
041 ## - CÓDIGO DE LENGUA
Código de lengua del texto/banda sonora o título independiente //spa
090 ## - LOCALMENTE ASIGNADO TIPO-LC NÚMERO DE CLASIFICACIÓN (OCLC); NÚMERO DE CLASIFICACIÓN LOCAL (RLIN)
Número de clasificación (OCLC) (R) ; Numero de clasificación, CALL (RLIN) (NR) AN
Número cutter local (OCLC) ; Número de libro/Signatura topográfica íntegra, CALL (RLIN) LEEm
100 0# - ENTRADA PRINCIPAL--NOMBRE DE PERSONA
Nombre de persona Lee, Harper
245 10 - MENCIÓN DE TÍTULO
Título Matar un ruiseñor /
Mención de responsabilidad, etc. Harper Lee ; traducción Baldomero Porta.
250 ## - MENCIÓN DE EDICIÓN
Mención de edición 1a. ed.
260 ## - PUBLICACIÓN, DISTRIBUCIÓN, ETC.
Lugar de publicación, distribución, etc. Barcelona :
Nombre del editor, distribuidor, etc. Ediciones Orbis,
Fecha de publicación, distribución, etc. 1984.
300 ## - DESCRIPCIÓN FÍSICA
Extensión 451 p.
490 #0 - MENCIÓN DE SERIE
Mención de serie Biblioteca grandes éxitos ;
Designación de volumen o secuencia 13
534 ## - NOTA SOBRE LA VERSIÓN ORIGINAL
Frase introductoria Título original :
Mención de título del original To kill a hockingbird.
650 14 - PUNTO DE ACCESO ADICIONAL DE MATERIA--TÉRMINO DE MATERIA
Término de materia o nombre geográfico como elemento de entrada NOVELA ESTADOUNIDENSE
650 14 - PUNTO DE ACCESO ADICIONAL DE MATERIA--TÉRMINO DE MATERIA
Término de materia o nombre geográfico como elemento de entrada LITERATURA ESTADOUNIDENSE
700 1# - PUNTO DE ACCESO ADICIONAL--NOMBRE DE PERSONA
Nombre de persona Porta, Baldomero, tr.

No hay ítems disponibles.


© Todos los derechos reservados para la Biblioteca Pública Municipal San Juan Bosco, 2020
Secretaria de Cultura de Mosquera
Carrera 3 N° 10 Esquina Centro Cultural Barrio El Carmén Teléfono: 8270830 Ext: 34
Funcionando con KOHA
Contacto: Biblioteca Pública Municipal San Juan Bosco/ bibliotecasanjuanbosco@mosquera-cundinamarca.gov.co
Mosquera, Cundinamarca